Vztah USA k západoevropské integraci

Salvato in:
Dettagli Bibliografici
Autore principale: Nikl, Miroslav
Natura: Libro
Lingua:ceco
Pubblicazione: Praha Academia 1969
Tags: Aggiungi Tag
Nessun Tag, puoi essere il primo ad aggiungerne!!

MARC

LEADER 00000nam a2200000 4500
001 c122432
005 20221124122029.1
041 0 |a cze 
044 |a CZ 
245 1 0 |a Vztah USA k západoevropské integraci  |c Miroslav Nikl 
264 1 |a Praha  |b Academia  |c 1969 
300 |a 194 s. 
100 1 |a Nikl, Miroslav